000
00280nam a22001097a 4500
008
240710b |||||||| |||| 00| 0 eng d
100
_a
Premdas, Bharamchari
_9
16762
245
_a
Jagat Guru Vivekanand
260
_a
Bombay:
_b
Lok Sewa Mandal;
_c
1964.
300
_a
280p.
942
_c
BK
999
_c
39890
_d
39890